000 00500nam a2200181Ia 4500
008 090124s9999 xx 000 0 und d
082 _b127111
100 _aपानवलकर श्री. दा.
245 _a संजारी
250 _a1
260 _c1996
300 _a92
600 _aपानवलकर श्री. दा.
630 _a संजारी
700 _aपानवलकर श्री. दा.
730 _a संजारी
942 _cBOOK
999 _c173200
_d173200